Schaum's outline of theory and problems of organic chemistry / (Record no. 64474)

000 -LEADER
fixed length control field 01157cam a2200349 i 4500
001 - CONTROL NUMBER
control field 4191077
003 - CONTROL NUMBER IDENTIFIER
control field NUST - PNEC
005 - DATE AND TIME OF LATEST TRANSACTION
control field 20170116180846.0
008 - FIXED-LENGTH DATA ELEMENTS--GENERAL INFORMATION
fixed length control field 800506s1980 nyu 001 0 eng
010 ## - LIBRARY OF CONGRESS CONTROL NUMBER
LC control number 80040373
015 ## - NATIONAL BIBLIOGRAPHY NUMBER
National bibliography number GB80
020 ## - INTERNATIONAL STANDARD BOOK NUMBER
International Standard Book Number 0070843538
020 ## - INTERNATIONAL STANDARD BOOK NUMBER
International Standard Book Number 0070990301
020 ## - INTERNATIONAL STANDARD BOOK NUMBER
International Standard Book Number 007099062X
040 ## - CATALOGING SOURCE
Original cataloging agency DLC
Transcribing agency LIBRARY
Modifying agency DLC
050 00 - LIBRARY OF CONGRESS CALL NUMBER
Classification number QD257
Item number .M44 1980
082 00 - DEWEY DECIMAL CLASSIFICATION NUMBER
Classification number 547 MEI
100 1# - MAIN ENTRY--PERSONAL NAME
Personal name Meislich, Herbert.
245 10 - TITLE STATEMENT
Title Schaum's outline of theory and problems of organic chemistry /
Statement of responsibility, etc. by Herbert Meislich, Howard Nechamkin, and Jacob Sharefkin.
250 ## - EDITION STATEMENT
Edition statement SI (metric) ed. /
Remainder of edition statement adapted for SI units by William Kemp.
260 ## - PUBLICATION, DISTRIBUTION, ETC.
Place of publication, distribution, etc. New York ;
-- London :
Name of publisher, distributor, etc. McGraw-Hill Book Co.,
Date of publication, distribution, etc. c1980.
300 ## - PHYSICAL DESCRIPTION
Extent 480 p. ;
Dimensions 28 cm.
490 0# - SERIES STATEMENT
Series statement Schaum's outline series
500 ## - GENERAL NOTE
General note Includes index.
650 #0 - SUBJECT ADDED ENTRY--TOPICAL TERM
Topical term or geographic name entry element Chemistry, Organic
General subdivision Problems, exercises, etc.
650 #0 - SUBJECT ADDED ENTRY--TOPICAL TERM
Topical term or geographic name entry element Chemistry, Organic.
General subdivision ME
700 1# - ADDED ENTRY--PERSONAL NAME
Personal name Nechamkin, Howard,
Dates associated with a name 1918-
Relator term joint author.
700 1# - ADDED ENTRY--PERSONAL NAME
Personal name Sharefkin, Jacob,
Dates associated with a name 1909-
Relator term joint author.
700 1# - ADDED ENTRY--PERSONAL NAME
Personal name Kemp, William,
Dates associated with a name 1932-
906 ## - LOCAL DATA ELEMENT F, LDF (RLIN)
a 7
b cbc
c orignew
d 1
e ocip
f 19
g y-gencatlg
942 ## - ADDED ENTRY ELEMENTS (KOHA)
Source of classification or shelving scheme
Koha item type Book
Holdings
Withdrawn status Lost status Source of classification or shelving scheme Damaged status Not for loan Permanent Location Current Location Shelving location Date acquired Total Checkouts Full call number Barcode Date last seen Price effective from Koha item type
          Pakistan Navy Engineering College (PNEC) Pakistan Navy Engineering College (PNEC)       547 MEI PNECLIB-013657 08/24/2015   Book
© 2023 Central Library, National University of Sciences and Technology. All Rights Reserved.